Statistics for Capital Cities with the Highest Elevation

Click here to take the quiz!

General Stats

  • This quiz has been taken 45,490 times
    (23,007 since last reset)
  • The average score is 10 of 20

Answer Stats

AltitudeCountryCity% Correct
3,640 mBoliviaLa Paz
86%
2,625 mColombiaBogotá
84%
1,400 mNepalKathmandu
82%
2,240 mMexicoMexico City
81%
2,850 mEcuadorQuito
81%
1,795 mKenyaNairobi
65%
2,750 mBoliviaSucre
56%
2,648 mBhutanThimphu
56%
2,355 mEthiopiaAddis Ababa
52%
1,350 mMongoliaUlaanbaatar
51%
1,529 mGuatemalaGuatemala City
49%
1,790 mAfghanistanKabul
47%
1,567 mRwandaKigali
39%
1,483 mZimbabweHarare
31%
1,673 mLesothoMaseru
24%
1,721 mNamibiaWindhoek
24%
1,504 mBurundiGitega
22%
2,325 mEritreaAsmara
21%
1,400 mSouth AfricaBloemfontein
21%
2,250 mYemenSana'a
14%

Score Distribution

Percentile by Number Answered

Percent of People with Each Score

Your Score History

You have not taken this quiz since the last reset